Statistiques concernant Pays d'Amérique

Cliquez ici pour prendre le quiz!

Statistiques générales

  • Ce quiz a été pris 436 fois
    (116 depuis la dernière actualisation)
  • Le résultat moyen est 27 sur 37

Statistiques - réponses

Amérique du Nord % Correct
Canada
100%
Brésil
100%
Etats-Unis
98%
Mexique
98%
Argentine
98%
Vénézuela
96%
Colombie
95%
Pérou
95%
Uruguay
95%
Chili
93%
Paraguay
93%
Cuba
91%
Bolivie
88%
Guyana
86%
Haïti
86%
Equateur
84%
Honduras
81%
Jamaïque
81%
Panama
81%
République Dominicaine
77%
Guatemala
75%
Suriname
75%
Costa Rica
75%
Bahamas
74%
Belize
67%
Nicaragua
67%
Salvador
65%
Barbade
63%
Dominique
63%
Sainte-Lucie
61%
Grenade
47%
Trinité-et-Tobago
44%
Saint-Vincent-et-les-Grenadines
40%
Antigua-et-Barbuda
39%
Saint-Christophe-et-Niévès
25%
Amérique du Sud
5%
Amérique centrale et Caraïbes
0%

Distribution des résultats

Percentile par nombre de réponses

% des personnes avec chaque résultat

Votre développement - résultats

Vous n’avez pas pris ce quiz depuis la dernière actualisation